000 00473nam a2200157 a 4500
001 000041048
005 20201002034559.0
008 130808s1967 mx 000 0 spa d
040 _aDO-SdBNP
_bspa
_cBNPHU
100 1 _aPaz, Octavio
_950324
245 1 0 _aCorriente alterna /
_cOctavio Paz.
260 _aMéxico :
_bSiglo Veintiuno,
_c1967.
300 _aviii, 223 p. ;
_c18 cm.
490 1 _aLa creación literaria. Ensayo
830 0 _aLa creación literaria. Ensayo
_966406
999 _c40538
_d40538